Normal view
MARC view
Entry Topical Term
001 - CONTROL NUMBER
- control field: 27606
003 - CONTROL NUMBER IDENTIFIER
- control field: OSt
005 - DATE AND TIME OF LATEST TRANSACTION
- control field: 20160103121144.0
008 - FIXED-LENGTH DATA ELEMENTS
- fixed length control field: 160103|| aca||aabn | a|a d
040 ## - CATALOGING SOURCE
- Original cataloging agency: OSt
- Transcribing agency: OSt
150 ## - HEADING--TOPICAL TERM
- Topical term or geographic name entry element: Drama
670 ## - SOURCE DATA FOUND
- Source citation: Work cat.: (OSt)34546: Cartmell, Van H 27605, Sixteen Famous American Plays, 1941









